000 00947nas a2200301 4500
001 BR2012000143
003 BR-BrBNA
005 20231205115925.0
007 ta
008 230509b bl.|||p| |||| 00| 00por d
040 _aBR-BrBNA
_bpor
_cBiblioteca Nacional de Agricultura
041 _a(Pt)
072 _aL02
100 1 _aGomes, F.E.
100 1 _aFontes, D.O.
100 1 _aVasconcellos, C.H.F.
100 1 _aSilva, F.C.O.
245 1 _aÁcido fumárico e sua combinação com ácido lático ou propionato de cálcio em dietas de leitões recém-desmamados
650 _aSUÍNO
650 _aDESEMPENHO
650 _aÁCIDO ORGÂNICO
650 _aCÁLCIO
650 _aDIETA
650 _aINTESTINO DELGADO
773 0 _tArquivo Brasileiro de Medicina Veterinária e Zootecnia (Brazil)
_xISSN 0102-0935
_g(Jun 2011), v. 63(3) p. 678-686
_wBR2012000143
909 _a202311
_bLúcia
_c55
_dLúcia Elande
942 _2AGRIS
_n0
_cANA
999 _c216323
_d216323